Plus grand que le Vatican - Statistiques

Statistiques générales
  • Ce quiz a été pris 134 fois
    39 depuis la dernière actualisation
  • Le résultat moyen est 3 sur 17
Answers on the Grid
Answers color-coded by a green-red scale on the quiz's grid according to % correct below.
Disneyland Paris
Central Park
Le Palais de l’Élysée (y compris les jardins)
Le Stade de France
Le Futuroscope
Monaco
L'aéroport de Gibraltar
Le siège d’Apple
Le zoo de Londres
Un terrain de golf 9 trous classique
L'île du Mont-Saint-Michel
La base militaire française de Djibouti
La maison de Jeff Bezos
La Cité de Carcassonne
La station de métro Shinjuku (Tokyo)
Le Mont Fuji (Japon)
La Cité interdite (Beijing)
Le quartier du Marais (Paris)
La zone de pollution plastique dans le Pacifique
Le Palais du Buckingham (Londres)
Saint-Vincent-et-les-Grenadines
L'aéroport de Hong Kong
La planète naine Cérès
L'Île de Manhattan (New York)
Le Centre Pompidou (Paris)
Le jardin des Tuileries (Paris)
Saint-Marin
La Place de la Concorde (Paris)
Le château de Neuschwanstein (Allemagne)
La ville de Saint-Tropez (France)
 
Statistiques - réponses
Réponse % Correct
Monaco
52%
Le Mont Fuji (Japon)
33%
Disneyland Paris
29%
Saint-Marin
29%
La Cité interdite (Beijing)
24%
La planète naine Cérès
24%
La ville de Saint-Tropez (France)
19%
La zone de pollution plastique dans le Pacifique
19%
L'Île de Manhattan (New York)
19%
Saint-Vincent-et-les-Grenadines
19%
Central Park
14%
L'aéroport de Hong Kong
14%
L'île du Mont-Saint-Michel
14%
La Place de la Concorde (Paris)
10%
Le Futuroscope
10%
Le siège d’Apple
10%
La base militaire française de Djibouti
5%
Aucun quiz correspondant
Distribution des résultats
% des personnes avec chaque résultat
Percentile par nombre de réponses
Votre historique - résultats
Vous n’avez pas pris ce quiz depuis la dernière actualisation